| 000 | 00691nam a22002177i 4500 | ||
|---|---|---|---|
| 999 |
_c23260 _d23260 |
||
| 003 | AR-CdUCM | ||
| 008 | 250411b20162016 pe||||| |||| 00| 0 spa d | ||
| 020 | _a978-9972-08-739-4 | ||
| 040 |
_aMUNICIPALIDAD PROVINCIAL DEL CUSCO _cBIBLIOTECA MUNICIPAL DEL CUSCO |
||
| 041 | _hspa | ||
| 082 |
_aPI / 372.21 / _bC557A |
||
| 100 |
_aChirre Osorio, Alfonso _951064 |
||
| 245 |
_aEl Abecedario bilingüe : _bMundo infantil |
||
| 260 |
_aLima : _bCorporación Editora Chirre _c2016 |
||
| 300 |
_a11 páginas. : _bIlustraciones _c17x16 cm. |
||
| 650 |
_aMundo infantil _951120 |
||
| 650 |
_aPrimera infancia _924660 |
||
| 856 | _fwww.chirre.pe | ||
| 942 |
_2ddc _cLIBROS |
||
| 945 |
_apbjr _d11-04-2025 |
||